Tadeusz Piotr (Peter) Potworowski: An Analysis of Changes in His Art of the English Period in the Light of Art Criticism in Polish Émigré Periodicals
| Titel: | Tadeusz Piotr (Peter) Potworowski: An Analysis of Changes in His Art of the English Period in the Light of Art Criticism in Polish Émigré Periodicals / Magdalena Howorus-Czajka |
|---|---|
| Verfasser: | |
| Beteiligt: | |
| In: |
Art of the United Kingdom of Great Britain and Northern Ireland & the Republic of Ireland in 20th-21st centuries and Polish-British & Irish art relations, (2015), Seite 235-244 alle Artikel anzeigen |
| Veröffentlicht: | 2015 |
| Format: | Aufsatz |
| Sprache: | Englisch |
X
alg: 43651694 001A $03025:11-09-18 001B $01999:11-09-18 $t22:32:56.000 001C $03025:11-09-18 $t12:07:02.000 001D $03025:11-09-18 001U $0utf8 001X $00 002@ $0Aou 002C $aText $btxt $2rdacontent 002D $aohne Hilfsmittel zu benutzen $bn $2rdamedia 002E $aBand $bnc $2rdacarrier 003@ $0436516942 007A $0436516942 $aHEB 010@ $aeng 010E $erda 011@ $a2015 021A $aTadeusz Piotr (Peter) Potworowski: An Analysis of Changes in His Art of the English Period in the Light of Art Criticism in Polish Émigré Periodicals $hMagdalena Howorus-Czajka 028A $BVerfasser $4aut $7 $8Howorus-Czajka, Magdalena [Tn3] $9436516926 028C $BÜbersetzer $4trl $7 $8Ziemann, Zofia [Tn3] $943651706X 031A $h235-244 $j2015 039B $aEnthalten in $8--Aau--. Art of the United Kingdom of Great Britain and Northern Ireland & the Republic of Ireland in 20th-21st centuries and Polish-British & Irish art relations. - Toruń : Nicolaus Copernicus University Press, 2015. - 496 Seiten. - Illustrationen. - ISBN 83-231-3438-3 $x201500000000000765 $938714689X 044K $#Potworowski, Peter $#Potworowski, Tadeusz Piotr $7124385710 $8Potworowski, Piotr$Z1898-1962 [Tp1] $9109324781 044K $#Londinium $#Londyn $#Landan $#Lundun $#Augusta Trinobantum $#Londres $#Londra $#Londen $#London Great Britain $#Londinum $#Lundonia $#Westminster $#Londinium $74074335-4 $8London [Tgz] $9085209341 044K $RPolin $#Polish people $#Polonais $#Polen (Personen) $#Pole $74046497-0 $8Polen$gVolk [Ts1] $908512981X 044K $RZeitschrift $RExilpresse $#Exilzeitschriften $#Exil Zeitschrift $74153311-2 $8Exilzeitschrift [Ts1] $9085642975 045F $a709 $eDDC23BSB 045F/01 $a709 045F/03 $f0904 045F/03 $g438 045F/03 $g41 045R $aGeschichte 1944-1958 lok: 43651694 78 exp: 43651694 78 1 #EPN 201B/01 $011-09-18 $t12:04:36.000 201C/01 $011-09-18 201U/01 $0utf8 203@/01 $01029620113 208@/01 $a11-09-18 $be 209A/01 $a/ $f000 $x00 209A/01 $ab*p $x01 220C/01 $apgar 244Z/01 $#Generalgouvernement Polen $#Polska $#Rzeczpospolita Polska $#Polska Rzeczpospolita Ludowa $#Poland $#Pologne $#République Polonaise $#Generalne Gubernatorstwo w Polsce $#Polish People's Republic $#Polska Rzeczpospolita Polen $#PRL $#RP $#Polen Generalgouvernement $#Polska Generalgouvernement $#Besetzte Polnische Gebiete $#Besetztes Gebiet in Polen $#Okupowane Polskie Obszary $#Obszary Okupowane w Polsce $#Volksrepublik Polen $#Polska Rosyjska $#Republic Polen $#Respublika Pol'ša $#Pol'skaja Narodnaja Respublika $#République de Pologne $#Polen Links der Weichsel $#Polska po Lewej Stronie Wisły $#Lenkija $#Polija $#Gubernija Carstva Pol'skago $#Republik Polen $74046496-9 $8--Tg1--Polen $x01 $9085129801 247C/01 $82080>Marburg/Lahn, Herder-Institut, Forschungsbibliothek, Bibliographieportal $9336309341
| LEADER | 00000caa a2200000 c 4500 | ||
|---|---|---|---|
| 001 | 436516942 | ||
| 003 | DE-603 | ||
| 005 | 20180911223256.0 | ||
| 007 | tu | ||
| 008 | 180911s2015 xx |||| | u00||u|eng c | ||
| 035 | |a (DE-599)HEB436516942 | ||
| 040 | |a DE-603 |b ger |c DE-603 |d DE-603 |e rda | ||
| 041 | |a eng | ||
| 082 | 0 | 4 | |8 1\u |a 709 |q DE-101 |2 23/BSB |
| 085 | |8 1\u |b 709 | ||
| 085 | |8 1\u |z 1 |s 0904 | ||
| 085 | |8 1\u |z 2 |s 438 | ||
| 085 | |8 1\u |z 2 |s 41 | ||
| 100 | 1 | |a Howorus-Czajka, Magdalena |e Verfasser |4 aut |0 (DE-603)436516926 | |
| 245 | 0 | 0 | |a Tadeusz Piotr (Peter) Potworowski: An Analysis of Changes in His Art of the English Period in the Light of Art Criticism in Polish Émigré Periodicals |c Magdalena Howorus-Czajka |
| 264 | 0 | |c 2015 | |
| 336 | |a Text |b txt |2 rdacontent | ||
| 337 | |a ohne Hilfsmittel zu benutzen |b n |2 rdamedia | ||
| 338 | |a Band |b nc |2 rdacarrier | ||
| 600 | 1 | 7 | |a Potworowski, Piotr |d 1898-1962 |0 (DE-588)124385710 |0 (DE-603)109324781 |2 gnd |
| 648 | 7 | |a Geschichte 1944-1958 |2 gnd | |
| 650 | 7 | |a Polen |g Volk |0 (DE-588)4046497-0 |0 (DE-603)08512981X |2 gnd | |
| 650 | 7 | |a Exilzeitschrift |0 (DE-588)4153311-2 |0 (DE-603)085642975 |2 gnd | |
| 651 | 7 | |a London |0 (DE-588)4074335-4 |0 (DE-603)085209341 |2 gnd | |
| 700 | 1 | |a Ziemann, Zofia |e Übersetzer |4 trl |0 (DE-603)43651706X | |
| 773 | 0 | 8 | |i Enthalten in |t Art of the United Kingdom of Great Britain and Northern Ireland & the Republic of Ireland in 20th-21st centuries and Polish-British & Irish art relations |d Toruń : Nicolaus Copernicus University Press, 2015 |h 496 Seiten, Illustrationen |z 8323134383 |z 9788323134381 |g (2015), Seite 235-244 |w (DE-603)38714689X |
| 924 | 0 | |9 2080 |a (DE-603)1029620113 |b DE-2080 |c HES |d d |g / | |


